Current argument on early man : proceedings of a Nobel symposium, organized by the Royal Swedish Academy of Sciences and held at Bjorkborns Herrgard, Karlskoga, Sweden, 21-27 May, 1978 ; commemorating the 200th Anniversary of the death of Carolus Linnaeus /

Bibliographic Details
Corporate Authors: Nobelstiftelsen, Kungl. Svenska vetenskapsakademien
Other Authors: Königsson, Lars-König
Format: Book
Language:English
Published: Oxford ; New York : published on behalf of the Royal Swedish Academy of Sciences by Pergamon Press, 1980.
Edition:1st ed.
Subjects:

MARC

Tag First Indicator Second Indicator Subfields
LEADER 00000cam a22000008i 4500
001 in00000644591
005 20151015064356.0
008 150904s1979 enk 10100 engm
010 |a  79040882  
015 |a GB79 
020 |a 0080249566 :  |c 17.50 (est.) ($35.00 est.) 
020 |a 0080249558 (pbk.) :  |c 7.50 (est.) ($15.00 est.) 
035 |a (OCoLC)05492390 
035 |9 ACW2868AM 
040 |a DLC  |c DLC  |d m.c.  |d TXA  |d UtOrBLW 
049 |a TXAM  |c 1 [1479416], 2 [1499461] 
050 0 0 |a GN282  |b .C8 1979 
082 0 |a 573/.3 
090 |a GN282  |b .C8 1980 
245 0 0 |a Current argument on early man :  |b proceedings of a Nobel symposium, organized by the Royal Swedish Academy of Sciences and held at Bjorkborns Herrgard, Karlskoga, Sweden, 21-27 May, 1978 ; commemorating the 200th Anniversary of the death of Carolus Linnaeus /  |c editor, Lars-Konig Konigsson. 
250 |a 1st ed. 
263 |a 7910 
264 1 |a Oxford ;  |a New York :  |b published on behalf of the Royal Swedish Academy of Sciences by Pergamon Press,  |c 1980. 
300 |a viii, 285 pages, 1 unnumbered folded leaf of plates :  |b illustrations ;  |c 26 cm. 
336 |a text  |b txt  |2 rdacontent 
337 |a unmediated  |b n  |2 rdamedia 
338 |a volume  |b nc  |2 rdacarrier 
500 |a "Supported by grants through the Nobel Foundation." 
500 |a Includes bibliographies. 
650 0 |a Fossil hominids  |v Congresses. 
650 0 |a Human evolution  |v Congresses. 
650 0 |a Prehistoric peoples  |v Congresses. 
700 1 |a Königsson, Lars-König. 
710 2 |a Nobelstiftelsen. 
710 2 |a Kungl. Svenska vetenskapsakademien. 
999 |a MARS 
999 f f |s a5345669-e607-3177-91b1-f27d94a77877  |i 7758bc7d-c25a-3a81-b13c-8d3278889077  |t 0 
952 f f |p normal  |a Texas A&M University  |b College Station  |c Sterling C. Evans Library  |s Evans stk  |d Evans: Library Stacks  |t 0  |e GN282 .C8 1980  |h Library of Congress classification  |i unmediated -- volume  |m A14802421055 
998 f f |a GN282 .C8 1980  |t 0  |l Evans: Library Stacks